Logo BPK

Biblioteka

Politechniki Koszalińskiej

Wortarten, Wortstellung und Satz im lyrischen Werk Georg Heyms : (Rekord nr 50447)

Szczegóły MARC
000 -ETYKIETA REKORDU
podpole kontrolne o stałej długości 00653nam a2200193 i 4500
001 - NUMER KONTROLNY REKORDU
pole kontrolne bgj
040 ## - ŹRÓDŁO KATALOGOWANIA
Instytucja, która utworzyła rekord BPK
041 0# - KOD JĘZYKA
Kod języka tekstu ger
044 ## - KOD KRAJU WYDAWCY/PRODUCENTA
Kod kraju wydawcy/producenta DEU
080 ## - UNIWERSALNA KLASYFIKACJA DZIESIĘTNA - UKD
UKD 821.112.2
008 - POLE O STAŁEJ DŁUGOŚCI - DANE KONTROLNE
podpole kontrolne o stałej długości s gw f |000 0 ger
100 1# - NAZWA OSOBOWA
Nazwa osobowa GROTE, Christian.
245 10 - TYTUŁ/ODPOWIEDZIALNOŚĆ
Tytuł Wortarten, Wortstellung und Satz im lyrischen Werk Georg Heyms :
Ciąg dalszy tytułu Inaugural-Dissertation zur Erlangung des Doktorgrades der philosophischen Fakulität der Ludwig-Maximilians-Universität zu München /
Pozostałe elementy strefy tytułu i oznaczenia odpowiedzialności Vorgelegt von Christian Grote.
260 ## - STREFA ADRESU WYDAWNICZEGO
Miejsce wydania München,
Data publikacji, dystrybucji/powstania dokumentu 1962.
300 ## - STREFA OPISU FIZYCZNEGO
Objętość 360 s. ;
Rozmiary 21 cm.
504 ## - UWAGA DOTYCZĄCA BIBLIOGRAFII
Informacje o bibliografii Bibliogr. s. 355-360.
650 9# - HASŁO PRZEDMIOTOWE W FORMIE NAZWY OGÓLNEJ LUB JEDNOSTKOWEJ
Nazwa ogólna lub geograficzna Literatura niemiecka
856 ## - LOKALIZACJA I DOSTĘP DO ELEKTRONICZNYCH DOKUMENTÓW ZDALNYCH
Link (URL) http://koha.tu.koszalin.pl/cgi-bin/koha/opac-detail.pl?biblionumber=50447
Tekst linku Katalog online BPK
942 ## - DODATKOWE ELEMENTY (KOHA)
Typ dokumentu Książka
Egzemplarze
Wycofany Status egzemplarza Uszkodzony Dostępność Lokalizacja stała Lokalizacja bieżąca Miejsce przechowywania Sygnatura Kod kreskowy Typ dokumentu
      Tylko na miejscu Biblioteka Politechniki Koszalińskiej Biblioteka Politechniki Koszalińskiej Czytelnia Wydziałowa ul. Kwiatkowskiego 6e N 363 02439969 Książka
© 2023 Biblioteka Politechniki Koszalińskiej :: KOHA